| 000 | 01398nam a2200253Ia 4500 | ||
|---|---|---|---|
| 999 |
_c3215 _d3215 |
||
| 001 | 461653 | ||
| 003 | EcQuBN | ||
| 007 | ta | ||
| 008 | 130917s2007 ec gr 001 0 spa d | ||
| 040 |
_aEcQuBN _cEcQuBN |
||
| 041 | 1 | _aspa | |
| 082 |
_a863 _bA7865 |
||
| 084 | _aFER2Lb006271 | ||
| 100 | 1 |
_918232 _aArteaga Lozano, Moisés, _d1932- |
|
| 245 | 1 | 3 |
_aEl último viaje _cMoisés Arteaga Lozano |
| 260 |
_aManta, Ecuador : _bUniversidad Laica \ Eloy Alfaro\ de Manabí _c2007 |
||
| 300 |
_a147 p. ; _c21 cm. |
||
| 500 | _aEj. de acceso restringido | ||
| 505 | 0 | _aP. 10.- \ Por momentos podríamos afirmar que \ El último viaje\ es una novela histórica, en razón de aparecer personajes, acciones, argumento y desenlace. Pero en todo caso, es un aporte directo y frontal al conocimiento de los contenidos de una revolución que se quedó en la mitad del camino, y que hoy el pueblo ecuatoriano quiere concluirla\ -- P. 12.- \ es la historia de un acontecimiento crucial del período republicano ecuatoriano. Desearía que, especialmente sea leído por nuestra juventud que, poco o nada, conoce de esta titánica lucha por unir Costa y Sierra \ -- La obra trata sobre la construcción del Ferrocarril Guayaquil-Quito, con toda su problemática política y social, | |
| 590 | 0 | _apc | |
| 650 | 4 |
_aFerrocarriles _xhistoria _zEcuador _912777 |
|
| 650 | 4 |
_914561 _aNovela _xhistoria |
|
| 942 |
_2loc _cBK |
||